سقوط الدولة العباسية ودور الشيعة بين الحقيقة والاتهام : دراسة جديده لفترة من تاريخ أمتنا الاسلامية 549-656ه معاتمدا على مصادر اولية اسلامية (عربية-وفارسية) واجنبية معاصرة

Bibliographic Details
Main Author: غامدي, سعد بن محمد حذيفة مسفر (Author)
Format: Book
Language:Arabic
Published: Riyad Dar Ibn Hudhayfah , 2004
Edition:al-Tab'ah 3
Subjects:

MARC

LEADER 00000cam a2200000 7i4500
001 0000056708
005 20080907093000.0
008 080727s2004 su ara
090 0 0 |a DS38.6   |b .G425 2004 
100 1 |a غامدي, سعد بن محمد حذيفة مسفر ,   |e author 
241 1 0 |a Suqut al-Dawlah al-Abbasiyah wa-dawr al-Shiah bayna al-haqiqah wa-al-ittiham 
245 1 0 |a سقوط الدولة العباسية ودور الشيعة بين الحقيقة والاتهام :   |b دراسة جديده لفترة من تاريخ أمتنا الاسلامية 549-656ه معاتمدا على مصادر اولية اسلامية (عربية-وفارسية) واجنبية معاصرة   |c سعد بن محمد حذيفة الغامدي 
250 |a al-Tab'ah 3 
260 |a Riyad   |a Dar Ibn Hudhayfah ,   |c 2004 
300 |a 440 p. :   |b map ;   |c 25 cm. 
504 |a Includes bibliographical references 
650 0 |a Abbasids 
650 0 |a Mongols   |x History 
651 0 |a Islamic Empire   |x History   |y 750-1258 
999 |a 1000117440   |b Book   |c OPEN SHELF (30 DAYS)   |e Gong Badak Campus